000 03522nam0a2200409 4500
001 RU\NLR\BIBL_A\012819565
005 20240214130454.0
010 _a978-5-907456-56-3
_9100
021 _aRU
_bКН-П-22-019476
_9КН-П-22-1667
035 _a(NLR Aleph) 012819565
035 _a(RuMoRGB)011023512
090 _a12313042
_c12313042
100 _a20220616d2021 k y0rusy50 ca
101 0 _arus
102 _aRU
105 _aa|||z|||100zy
181 0 _ai3
_baxxe
182 0 _an
200 1 _aСовременные аспекты физкультурной, спортивной и психолого-педагогической работы с учащейся молодежью
_eсборник научных статей по материалам всероссийской научно-практической конференции c международным участием (г. Пенза, 21-22 мая 2021 г.)
_fМинистерство науки и высшего образования Российской Федерации, Пензенский государственный университет, Институт физической культуры и спорта
_gпод редакцией: Е. В. Дворяниновой - кандидата педагогических наук, доцента [и др.]
203 _aТекст
_bвизуальный
_cнепосредственный
210 _aПенза
_cИзд-во ПГУ
_d2021
215 _a206, [1] с.
_cил.
_d21
320 _aБиблиогр. в конце ст.
330 _aПредставлены научные статьи, в которых рассматриваются актуальные проблемы физического воспитания и спорта, психолого-педагогической работы с учащейся молодежью. Издание предназначено для работников в области физической культуры и спорта вузов, тренеров, спортсменов; психолого-педагогической деятельности преподавателей, учителей и слушателей
606 1 _aФизическая культура и спорт
_xОбразовательные учреждения
_jСъезды, совещания и т.п
_2nlr_sh2
_3RU\NLR\AUTH\6601578790
606 1 _aУчащиеся
_xФизическое воспитание
_jСъезды, совещания и т.п
_2nlr_sh2
_3RU\NLR\AUTH\661464227
675 _a796(082)
_v4
686 1 _aЧ313.54я431
686 1 _aЧ511.153.1я431
702 1 _aДворянинова
_bЕ. В.
_gЕлена Валентиновна
_4340
711 1 2 _a"Современные аспекты физкультурной, спортивной и психолого-педагогической работы с учащейся молодежью", всероссийская научно-практическая конференция c международным участием
_f2021
_eПенза
_3RU\NLR\AUTH\880567766
712 0 2 _aПензенский государственный университет
_bИнститут физической культуры и спорта
_3RU\NLR\AUTH\880494439
_4557
942 _cBOOK
980 _aNB